000 00421nam a2200181Ia 4500
001 3988
005 20260306145723.0
008 260306t2004||||xx |||||||||||||| ||spa||
041 _aESP
082 _a306.08985
_bI68
100 _aIrarrázabal, Diego
_eAUT
245 0 _aRaíces de la esperanza
260 _c2004
300 _a256 páginas :
_c21 cm.
650 _aGEN
654 _aCHU
942 _cLIB
_dJUS
_fJUS
_2ddc
_n
999 _c3988
_d3988